000 01109nam a2200265 i 4500
001 bg
245 0 0 _aHabitat w regionie Euroregion Jelenia Góra-Görlitz-Liberec :
_bHabitat '96 - seminarium, warsztaty architektoniczne, Czarne 14-19 października 1996 : praca zbiorowa /
_cpod red. Zbigniewa Bacia.
260 _aWrocław :
_bOficyna Wydaw. PW,
_c1998.
300 _a198 s. :
_bfot.,mapy, pl., rys. ;
_c24 cm.
490 1 _aPrace Naukowe Wydziału Architektury Politechniki Wrocławskiej =
_aProjektowanie architektury mieszkaniowej,
_x1232-1354 ;
_v2
500 _aW serii gł. nr 2.
504 _aBibliogr. przy ref.
650 9 _aBudownictwo mieszkaniowe
_xprojekty
650 9 _aJakość życia
650 9 _aOsiedle mieszkaniowe
_xplanowanie przestrzenne
651 9 _aWrocław
_xbudownictwo
_xprojekty
655 _aMateriały konferencyjne
700 1 _aBAĆ, Zbigniew.
_eRed.
830 0 _aPrace Naukowe Wydziału Architektury Politechniki Wrocławskiej
040 _cBPK
041 1 _aplen
_hpl
080 _a711.4/.8:728](063)
942 _cKS
008 s pl f |000 0 pol
999 _c34501
_d34501